Personal Management & industrial relations (Record no. 3212)

MARC details
000 -LEADER
fixed length control field 00401nam a22001577a 4500
005 - DATE AND TIME OF LATEST TRANSACTION
control field 20180813143527.0
008 - FIXED-LENGTH DATA ELEMENTS--GENERAL INFORMATION
fixed length control field 160620b xxu||||| |||| 00| 0 eng d
041 ## - LANGUAGE CODE
Language code of text/sound track or separate title eng
082 ## - DEWEY DECIMAL CLASSIFICATION NUMBER
Item number 8376
Classification number 658.3
100 ## - MAIN ENTRY--AUTHOR NAME
Personal name VERMA, M M. AND AGARWAL, R.K.
245 ## - TITLE STATEMENT
Title Personal Management & industrial relations
260 ## - PUBLICATION, DISTRIBUTION, ETC. (IMPRINT)
Name of publisher KINGS BOOK
Place of publication DELHI
300 ## - PHYSICAL DESCRIPTION
Number of Pages 105p,
650 ## - SUBJECT ADDED ENTRY--TOPICAL TERM
Topical Term Management
942 ## - ADDED ENTRY ELEMENTS (KOHA)
Koha item type Books
Holdings
Lost status Damaged status Collection code Home library Shelving location Date acquired Full call number Accession Number Koha item type
    MANAGEMENT JRU Library SHELF-62 -C 20/06/2016 658.3 8376 Books